000 00880nam a2200229Ia 4500
003 GCL
008 140319s9999 xx 000 0 ara d
040 _aGCL /
_cGCL
082 0 4 _a301.161
_bن د
100 1 _aنادية رضوان
245 1 0 _aدور الدراما التليفزيونية فى تشكيل وعى المرأة :
_bدراسة اجتماعية ميدانية /
_cنادية رضوان
250 _aالاولى
260 _aالقاهرة :
_bالهيئة المصرية العامة للكتاب ،
_c1997
300 _a390 ص ؛
_c24سم
490 _aالهيئة العامة للاستعلامات
_v0
650 0 4 _aالامية
650 0 4 _aالوعى الاجتماعى
650 0 4 _aوسائل الاعلام
650 0 4 _aالدعاية التليفزيونية
650 0 4 _aالمرأة - رعاية اجتماعية
942 _2ddc
_cBK
999 _c51989
_d51989